000 00433nam a22001817a 4500
003 OSt
005 20260320134908.0
008 260320b |||||||| |||| 00| 0 eng d
020 _a9788172165697
040 _cBGL
100 _aKumar Pawan
245 _aFitness And Exersice Management
250 _a1st
260 _aNew Delhi
_bFriends Publication
_c2023
300 _a107p
650 _aPhysical Education
942 _2ddc
_cGB
999 _c44315
_d44315